000 00704nam a2200253Ia 4500
003 OSt
005 20220926020942.0
006 a|||||r|||| 00| 0
007 ta
008 220923b |||||||| |||| 00| 0 eng d
020 _a354043352X
037 _cGeneral Book
040 _aRTL
_cRTL
_beng
041 _2eng
_aeng
082 _aW:91:(B), P2
100 _aNurmi Mannu
_9325444
245 0 _aVoting procedures under uncertainty
260 _aNew York
_bSpringer-verlag
_c2002
300 _ax, 155p
_ccm.
500 _aBibliography P 143-148
650 _aElections Political Science
_9325445
942 _hW:91:(B), P2
_cGB
_2CC
999 _c635303
_d635303